| 000 | nam a22 7a 4500 | ||
|---|---|---|---|
| 999 |
_c9031 _d9031 |
||
| 005 | 20220104031200.0 | ||
| 008 | 220104b xxu||||| |||| 00| 0 eng d | ||
| 020 |
_a9780803675896 _bpaperback |
||
| 040 |
_beng _cAPEC Schools Library _erda |
||
| 082 |
_aC 613 _bP7623j 2018 |
||
| 100 | _aPolan, Elaine | ||
| 245 |
_aJourney across the lifespan / _cElaine Polan |
||
| 264 |
_aPhiladelphia ; _bF.A. Davis Company, _c©2018. |
||
| 300 |
_axi, 268 pages : _bcolored illustrations. |
||
| 336 |
_2rdacontent _atext |
||
| 337 |
_2rdamedia _aunmediated |
||
| 338 |
_2rdacarrier _avolume |
||
| 504 | _aIncludes index. | ||
| 650 |
_aHealth promotion. _aLife cycle, Human. _aPractical nursing. |
||
| 942 |
_2ddc _cNFIC |
||